[Event "Class Tournaments - HONOUR CLASS #3 (issue 2011)"]
[Site "SchemingMind.com"]
[Date "2011.04.04"]
[Round "-"]
[White "dmichael"]
[Black "James Bradner"]
[Result "1/2-1/2"]
[WhiteCountry "USA"]
[BlackCountry "ENG"]
[WhiteElo "2507"]
[WhiteRD "87"]
[BlackElo "2385"]
[BlackRD "80"]
[GameID "279508"]

1. d4 Nf6 2. c4 e6 3. Nf3 d5 4. Nc3 Bb4 5. e3 O-O 6. Bd3 b6 7. O-O Bb7 8. cxd5 exd5 9. a3 Bd6 10. b4 Nbd7
11. Qb3 c6 12. Re1 a5 13. Rb1 Re8 14. e4 axb4 15. axb4 dxe4 16. Nxe4 Nxe4 17. Rxe4 Rxe4 18. Bxe4 Nf6 19. Bg5 Qe8 20. Bd3 Qe6
21. Qxe6 fxe6= 22. Bd2 h6 23. Bc4 Nd5 24. Ne5 Kf8 25. h4 Ke7 26. h5 Ra4 27. Bb3 Ra6 28. Bxd5 exd5 29. Bf4 Ke6 30. b5 cxb5
31. Rxb5 Kf5 32. Bg3 Be7 33. Ng6 Bf6 34. Be5 Bc6 35. Rb3 b5 36. f3 Ra1+ 37. Kh2 Ra4 38. Re3 Ke6 39. Nf4+ Kd7 40. Kg3 Rc4
41. Rb3 Bxe5 42. dxe5 b4 43. Rb2 Ke7 44. Nd3 Ke6 45. Nxb4 Kxe5 46. Nxc6+ Rxc6 47. Re2+=
1/2-1/2

[Event "Class Tournaments - HONOUR CLASS #3 (issue 2011)"]
[Site "SchemingMind.com"]
[Date "2011.04.04"]
[Round "-"]
[White "Ilang"]
[Black "James Bradner"]
[Result "1/2-1/2"]
[WhiteCountry "HUN"]
[BlackCountry "ENG"]
[WhiteElo "2407"]
[WhiteRD "94"]
[BlackElo "2320"]
[BlackRD "73"]
[GameID "279509"]

1. e4 e5 2. Nf3 Nc6 3. Bb5 a6 4. Ba4 Nf6 5. O-O b5 6. Bb3 Bb7 7. d4 Nxd4 8. Nxd4 exd4 9. e5 Ne4 10. f3 Nc5
11. Qxd4 Ne6 12. Qf2 d5 13. exd6 Bxd6 14. Nc3 O-O 15. Be3 Qe7 16. Rad1 Rad8 17. Bd5 Bxd5 18. Nxd5 Qd7 19. a3 c6 20. Nc3 Qe7
21. f4 f5 22. g3 Rfe8 23. Rfe1 Qb7 24. Qf3 Be7 25. Rxd8 Rxd8 26. Bf2 Rd6 27. Na2 Bf6 28. Nb4 Qc8 29. Qb3 Kf8 30. c3 a5
31. Nd3 Rxd3 32. Rxe6 Be7 33. Re2 Qd7 34. Qc2=
1/2-1/2

[Event "Class Tournaments - HONOUR CLASS #3 (issue 2011)"]
[Site "SchemingMind.com"]
[Date "2011.04.04"]
[Round "-"]
[White "thebirdolux"]
[Black "James Bradner"]
[Result "1-0"]
[WhiteCountry "USA"]
[BlackCountry "ENG"]
[WhiteElo "2477"]
[WhiteRD "73"]
[BlackElo "2353"]
[BlackRD "74"]
[GameID "279510"]

1. e4 e5 2. Nf3 Nc6 3. Bb5 a6 4. Ba4 Nf6 5. O-O b5 6. Bb3 Bb7 7. d3 Be7 8. Re1 d6 9. c3 O-O 10. Nbd2 h6
11. Nf1 Na5 12. Bc2 c5 13. Ng3 Nc6 14. a4 Re8 15. axb5 axb5 16. Rxa8 Qxa8 17. Nh4 Bc8 18. Nhf5 Be6 19. f4 Bf8 20. Rf1 exf4
21. Bxf4 Qa2 22. Qc1 Rd8 23. Bd2 Ne8 24. d4 Bc4 25. Re1 Bb3 26. Bd3 Bc4 27. Bb1 Qa7 28. Be3 Qa4 29. Nh5 cxd4 30. cxd4 Ra8
31. Kh1 f6 32. Bg1 Qb4 33. Nf4 Nc7 34. Re3 Ra1 35. d5 Ne5 36. b3 g5 37. Nh5 Ne8 38. h3 Nd3 39. Qc2 Kh8 40. Nd4 Qc5
41. Nf3 Qc7 42. bxc4 bxc4 43. Nd2 Ne5 44. Rc3 Qb7 45. Bd4 Kh7 46. Qd1 Qf7 47. Kh2 Nc7 48. Rxc4
1-0

[Event "Class Tournaments - HONOUR CLASS #3 (issue 2011)"]
[Site "SchemingMind.com"]
[Date "2011.04.04"]
[Round "-"]
[White "Patjanka"]
[Black "James Bradner"]
[Result "1/2-1/2"]
[WhiteCountry "DEN"]
[BlackCountry "ENG"]
[WhiteElo "2414"]
[WhiteRD "89"]
[BlackElo "2357"]
[BlackRD "79"]
[GameID "279511"]

1. c4 e5 2. Nc3 Nf6 3. Nf3 Nc6 4. g3 Bb4 5. Bg2 O-O 6. O-O d6 7. d3 h6 8. Bd2 a5 9. a3 Bc5 10. Qb3 Re8
11. e3 Bf5 12. Rfc1 Bxd3 13. Ne1 Bf5 14. Qxb7 e4 15. Qxc6=
1/2-1/2

[Event "Class Tournaments - HONOUR CLASS #3 (issue 2011)"]
[Site "SchemingMind.com"]
[Date "2011.04.04"]
[Round "-"]
[White "BishopVesey"]
[Black "James Bradner"]
[Result "1/2-1/2"]
[WhiteCountry "ENG"]
[BlackCountry "ENG"]
[WhiteElo "2398"]
[WhiteRD "83"]
[BlackElo "2320"]
[BlackRD "73"]
[GameID "279512"]

1. e4 e5 2. Nf3 Nc6 3. Bc4 Bc5 4. c3 Nf6 5. d3 a5 6. O-O d6 7. h3 O-O 8. a4 h6 9. Na3 Qe7 10. Nb5 Bb6
11. Qb3 Be6 12. Bxe6 Qxe6 13. Qxe6 fxe6 14. Be3 Bxe3 15. fxe3 Rf7 16. g4 Raf8 17. Kg2 g5 18. Nd2 Kg7 19. Rad1 Kg6=
1/2-1/2